00340nam a22001097a 4500020002200000040001600022082001900038100002300057245009600080260003200176300002200208 a978-3-527-34543-4 cWiley - VCH a671.5bM5781 A aMessler, Robert W. aA Practical Guide to Welding SolutionsbOvercoming Technical and Material - Specific issues aNew YorkbWiley - VCHc2019 axii, 332p.c27cm.